00446nam a2200181 a 4500001001300000003000900013005001700022008004100039020002100080082001700101100001100118245001500129260004700144300001000191500003500201650001700236700001100253nice12345678IN_TiNIC20260116014542.0140911s0000 cola grp 000 0 eng  a3893380930 c000a291.4bOSH34 aOsho,  aDhammapada aCologne, Germany bRebel Pub. House c0000 a258p  aincludes index and biblioraphy aSpirituality1 aOsho,